Learning through suffering : the educational value of suffering in the New Testament and in its milieu /

From the various biblical explanations of suffering, this volume chooses to focus on one, suffering sometimes possesses an educational value. It explores the differing versions of this view in Paul, James, 1 Peter, Hebrews, and Luke-Acts, and sets these Christian perspectives against the backdrop of...

Full description

Bibliographic Details
Main Author: Talbert, Charles H. (Author)
Format: Book
Language:English
Published: Waco : Baylor University Press, [2018]
Subjects:

MARC

Tag First Indicator Second Indicator Subfields
LEADER 00000cam a2200000Ii 4500
001 in00004100494
005 20200117091134.0
008 180515t20182018txu b 000 0 eng d
020 |a 1481309773  |q (paperback) 
020 |a 9781481309776  |q (paperback) 
020 |z 0814656722 
020 |a 9780814656723 
020 |a 0814656722 
035 |a (OCoLC)on1035268103 
040 |a YDX  |e rda  |c YDX  |d BDX  |d CDX  |d VLB  |d UAB  |d UtOrBLW 
049 |a TXAM 
050 4 |a BS2545.S9  |b T355 2018 
082 0 |a 233  |2 23 
100 1 |a Talbert, Charles H.,  |e author.  |0 http://id.loc.gov/authorities/names/n79055750 
245 1 0 |a Learning through suffering :  |b the educational value of suffering in the New Testament and in its milieu /  |c Charles H. Talbert. 
264 1 |a Waco :  |b Baylor University Press,  |c [2018] 
264 4 |c ©2018 
300 |a 92 pages ;  |c 22 cm. 
336 |a text  |b txt  |2 rdacontent 
337 |a unmediated  |b n  |2 rdamedia 
338 |a volume  |b nc  |2 rdacarrier 
504 |a Includes bibliographical references. 
505 0 |a The educational value of suffering in Mediterranean antiquity -- The educational value of suffering in James -- The educational value of suffering in 1 Peter -- The educational value of suffering in Hebrews -- The educational value of suffering in Luke-Acts. 
520 |a From the various biblical explanations of suffering, this volume chooses to focus on one, suffering sometimes possesses an educational value. It explores the differing versions of this view in Paul, James, 1 Peter, Hebrews, and Luke-Acts, and sets these Christian perspectives against the backdrop of similar explanations in Jewish and Greco-Roman cultures. 
630 0 0 |a Bible.  |p New Testament  |x Criticism, interpretation, etc.  |0 http://id.loc.gov/authorities/subjects/sh85013751 
650 0 |a Suffering in the Bible.  |0 http://id.loc.gov/authorities/subjects/sh95005670 
650 0 |a Suffering  |x Religious aspects  |x Christianity  |x History of doctrines. 
945 |b 159048 
947 |a A14850833014 
948 |a cataloged  |b h  |c 2019/9/23  |d c  |e dmitchel  |f 3:30:30 pm 
994 |a 92  |b TXA 
999 f f |s 7254ce1d-49db-34a5-8dd6-7dcec12b5dd0  |i bb93cd44-5a6b-355d-bf47-94f39beb5d28  |t 0 
952 f f |p normal  |a Texas A&M University  |b College Station  |c Sterling C. Evans Library  |s Evans stk  |d Evans: Library Stacks  |t 0  |e BS2545.S9 T355 2018  |h Library of Congress classification  |i unmediated -- volume  |m A14850833014 
998 f f |a BS2545.S9 T355 2018  |t 0  |l Evans: Library Stacks